header

Eucharistic sacramentality in an ecumenical context (Record no. 34040)

MARC details
000 -LEADER
fixed length control field 01411nam a2200325Ia 4500
082 04 - DEWEY DECIMAL CLASSIFICATION NUMBER
Classification number 264/.03036
100 1# - MAIN ENTRY--AUTHOR NAME
Personal name Kennedy, David,
245 10 - TITLE STATEMENT
Title Eucharistic sacramentality in an ecumenical context
260 ## - PUBLICATION, DISTRIBUTION, ETC. (IMPRINT)
Place of publication Aldershot, Hants, England ;
-- Burlington, VT :
Name of publisher Ashgate,
Year of publication c2008.
300 ## - PHYSICAL DESCRIPTION
Number of Pages ix, 259 p.
490 1# - SERIES STATEMENT
Series statement Ashgate new critical thinking in religion, theology, and biblical studies
650 #0 - SUBJECT ADDED ENTRY--TOPICAL TERM
Topical Term Epiclesis.
Topical Term Eucharistic prayers
856 40 - ELECTRONIC LOCATION AND ACCESS
Uniform Resource Identifier http://site.ebrary.com/lib/rucke/Doc?id=10254942

No items available.

© 2026 Rongo University
Contact us: librarian | system librarian | Rongo university